LEADER 01011nam 2200361 450 001 9910586670603321 005 20221014095753.0 010 $a1-83969-579-X 035 $a(CKB)4950000000721820 035 $a(NjHacI)994950000000721820 035 $a(EXLCZ)994950000000721820 100 $a20221014d2021 uy 0 101 0 $aeng 135 $aur||||||||||| 181 $ctxt$2rdacontent 182 $cc$2rdamedia 183 $acr$2rdacarrier 200 00$aCellulose science and derivatives /$fedited by Arpit Sand, Sangita Banga 210 1$aLondon, England :$cIntechOpen,$d[2021] 210 4$dİ2021 215 $a1 online resource (174 pages) $cillustrations 311 $a1-83969-578-1 606 $aCellulose 615 0$aCellulose. 676 $a572.56682 702 $aSand$b Arpit 702 $aBanga$b Sangita 801 0$bNjHacI 801 1$bNjHacl 906 $aBOOK 912 $a9910586670603321 996 $aCellulose Science and Derivatives$92828035 997 $aUNINA LEADER 02175oam 2200517M 450 001 9910715808503321 005 20191123061945.5 035 $a(CKB)5470000002516004 035 $a(OCoLC)1064092487 035 $a(OCoLC)995470000002516004 035 $a(EXLCZ)995470000002516004 100 $a20070221d1863 ua 0 101 0 $aeng 135 $aurcn||||||||| 181 $ctxt$2rdacontent 182 $cc$2rdamedia 183 $acr$2rdacarrier 200 10$aA.H. Jones and H.M.C. Browne. Letter from the Secretary of the Interior, recommending an appropriation to pay Messrs. Jones and Browne for running and marking boundary lines between certain Indian tribes. February 10, 1863. -- Referred to the Committee of Ways and Means, and ordered to be printed 210 1$a[Washington, D.C.] :$c[U.S. Government Printing Office],$d1863. 215 $a1 online resource (9 pages) 225 1 $aEx. doc. / 37th Congress, 3rd session. House ;$vno. 62 225 1 $a[United States congressional serial set] ;$v[serial no. 1162] 300 $aBatch processed record: Metadata reviewed, not verified. Some fields updated by batch processes. 300 $aFDLP item number not assigned. 606 $aGovernment contractors 606 $aIndian reservations 606 $aPublic contracts 606 $aBudget$xLaw and legislation 606 $aSurveying 606 $aWages 608 $aLegislative materials.$2lcgft 615 0$aGovernment contractors. 615 0$aIndian reservations. 615 0$aPublic contracts. 615 0$aBudget$xLaw and legislation. 615 0$aSurveying. 615 0$aWages. 712 02$aUnited States.$bDepartment of the Interior. 801 0$bWYU 801 1$bWYU 801 2$bOCLCO 801 2$bOCLCQ 906 $aBOOK 912 $a9910715808503321 996 $aA.H. Jones and H.M.C. Browne. Letter from the Secretary of the Interior, recommending an appropriation to pay Messrs. Jones and Browne for running and marking boundary lines between certain Indian tribes. February 10, 1863. -- Referred to the Committee of Ways and Means, and ordered to be printed$93541233 997 $aUNINA